Modeling brain function : (Record no. 193446)

000 -LEADER
fixed length control field 01325 a2200253 4500
003 - CONTROL NUMBER IDENTIFIER
control field Nust
005 - DATE AND TIME OF LATEST TRANSACTION
control field 20230609101822.0
010 ## - LIBRARY OF CONGRESS CONTROL NUMBER
LC control number 89015741
040 ## - CATALOGING SOURCE
Transcribing agency Nust
082 00 - DEWEY DECIMAL CLASSIFICATION NUMBER
Classification number 006.3,AMI
100 1# - MAIN ENTRY--PERSONAL NAME
Personal name Amit, D. J.,
9 (RLIN) 113106
245 10 - TITLE STATEMENT
Title Modeling brain function :
Remainder of title the world of attractor neural networks /
Statement of responsibility, etc. Daniel J. Amit.
260 ## - PUBLICATION, DISTRIBUTION, ETC.
Place of publication, distribution, etc. Cambridge [England] ;
-- New York :
Name of publisher, distributor, etc. Cambridge University Press,
Date of publication, distribution, etc. 1989.
300 ## - PHYSICAL DESCRIPTION
Extent xvii, 504 p. :
Other physical details ill. ;
Dimensions 24 cm.
505 ## - FORMATTED CONTENTS NOTE
Formatted contents note Introduction (Page-1), The Basic Attractor Neural Network (Page-58), General Ideas Concerning Dynamics (Page-97), Symmetric Neural Networks At Low Memory Loading (Page-155), Storage And Retrieval Of Temporal Sequences (Page-215), Storage Capacity Of ANN’s (Page-271), Robustness (Page-345), Memory Data Structures (Page-387), Learning (Page-428), Hardware Implementations Of Neural Networks (Page-461).
650 #0 - SUBJECT ADDED ENTRY--TOPICAL TERM
Topical term or geographic name entry element Brain
General subdivision Computer simulation.
9 (RLIN) 113107
650 #0 - SUBJECT ADDED ENTRY--TOPICAL TERM
Topical term or geographic name entry element Models, Neurological.
9 (RLIN) 113108
650 #0 - SUBJECT ADDED ENTRY--TOPICAL TERM
Topical term or geographic name entry element Nervous System
General subdivision physiology.
9 (RLIN) 113109
650 #0 - SUBJECT ADDED ENTRY--TOPICAL TERM
Topical term or geographic name entry element Neural computers.
9 (RLIN) 36919
650 #0 - SUBJECT ADDED ENTRY--TOPICAL TERM
Topical term or geographic name entry element Neural networks (Neurobiology)
9 (RLIN) 81289
856 42 - ELECTRONIC LOCATION AND ACCESS
Materials specified Publisher description
Uniform Resource Identifier <a href="http://www.loc.gov/catdir/description/cam023/89015741.html">http://www.loc.gov/catdir/description/cam023/89015741.html</a>
856 42 - ELECTRONIC LOCATION AND ACCESS
Materials specified Table of contents
Uniform Resource Identifier <a href="http://www.loc.gov/catdir/toc/cam029/89015741.html">http://www.loc.gov/catdir/toc/cam029/89015741.html</a>
942 ## - ADDED ENTRY ELEMENTS (KOHA)
Koha item type Book Bank
Source of classification or shelving scheme
Holdings
Withdrawn status Lost status Source of classification or shelving scheme Damaged status Not for loan Permanent Location Current Location Shelving location Date acquired Full call number Barcode Date last seen Price effective from Koha item type Public note
          Military College of Signals (MCS) Military College of Signals (MCS) General Stacks 12/12/2016 006.3,AMI MCS462 12/08/2016 12/12/2016 Book Almirah No.81, Shelf No.3
          Military College of Signals (MCS) Military College of Signals (MCS) General Stacks 06/08/2023 006.3,AMI MCS463 06/08/2023 06/08/2023 Book Almirah No.81, Shelf No.3
          Military College of Signals (MCS) Military College of Signals (MCS) General Stacks 06/09/2023 006.3,AMI MCS464 06/09/2023 06/09/2023 Book Almirah No.81, Shelf No.3
© 2023 Central Library, National University of Sciences and Technology. All Rights Reserved.